000
00377nam a22001337a 4500
003
SGT
020
_a
9788126053421
082
_a
891.4309
_b
M17S
100
_a
श्रीधर, विजय दत्त
245
_a
माधवसप्रे रचना संचयन
260
_b
साहित्य अकादमी
_c
2017
300
_a
452
942
_2
ddc
_c
BK
999
_c
28344
_d
28344